|
|
|
|
| LEADER |
00000naa2a2200000 4500 |
| 001 |
237316 |
| 005 |
20231031204832.0 |
| 035 |
|
|
|a (RuTPU)RU\TPU\book\258488
|
| 035 |
|
|
|a RU\TPU\book\258485
|
| 090 |
|
|
|a 237316
|
| 100 |
|
|
|a 20130514d2010 k y0rusy50 ca
|
| 101 |
0 |
|
|a rus
|
| 102 |
|
|
|a RU
|
| 200 |
1 |
|
|a К вопросу об особенностях личности преподавателя высшей школы
|f О. Е. Хлямова
|
| 225 |
1 |
|
|a Инновационные подходы к лингвогуманитарной подготовке специалистов с высшим профессиональным образованием
|
| 320 |
|
|
|a Библиогр.: с. 44 (5 назв.)
|
| 461 |
|
0 |
|0 (RuTPU)RU\TPU\book\251554
|t Прикладная филология: идеи, концепции, проекты
|o сборник статей VIII Международной научно-практической конференции, 27-29 октября 2010 г.
|o в 2 ч.
|f Национальный исследовательский Томский политехнический университет (ТПУ), Институт международного образования и языковой коммуникации (ИМОЯК) ; под ред. С. А. Песоцкой
|d 2010
|
| 463 |
|
0 |
|0 (RuTPU)RU\TPU\book\250264
|t Ч. 1
|v С. 39-44
|d 2010
|p 231 с.
|
| 610 |
1 |
|
|a труды учёных ТПУ
|
| 610 |
1 |
|
|a вузы
|
| 610 |
1 |
|
|a высшая школа
|
| 610 |
1 |
|
|a преподаватели
|
| 610 |
1 |
|
|a личность
|
| 610 |
1 |
|
|a личностные черты
|
| 610 |
1 |
|
|a педагогическая деятельность
|
| 610 |
1 |
|
|a преподавание
|
| 610 |
1 |
|
|a педагоги
|
| 610 |
1 |
|
|a типология
|
| 610 |
1 |
|
|a типы
|
| 700 |
|
1 |
|a Хлямова
|b О. Е.
|c лингвист
|c старший преподаватель Томского политехнического университета
|f 1978-
|g Ольга Евгеньевна
|2 stltpush
|3 (RuTPU)RU\TPU\pers\30787
|
| 801 |
|
1 |
|a RU
|b 63413507
|c 20130514
|
| 801 |
|
2 |
|a RU
|b 63413507
|c 20141003
|g RCR
|
| 942 |
|
|
|c BK
|